Hindu widows : A study in deprivation (Record no. 14825)
[ view plain ]
| 000 -LEADER | |
|---|---|
| fixed length control field | 00374nam a2200145Ia 4500 |
| 082 ## - DEWEY DECIMAL CLASSIFICATION NUMBER | |
| Classification number | TP.0265 |
| 100 ## - MAIN ENTRY--AUTHOR NAME | |
| Personal name | Patil, Godayari D. |
| 245 #0 - TITLE STATEMENT | |
| Title | Hindu widows : A study in deprivation |
| 260 ## - PUBLICATION, DISTRIBUTION, ETC. (IMPRINT) | |
| Year of publication | 1990 |
| Name of publisher | Karnatak University |
| 300 ## - PHYSICAL DESCRIPTION | |
| Number of Pages | 412p. + C D - 46 |
| 650 ## - SUBJECT ADDED ENTRY--TOPICAL TERM | |
| Topical Term | WIDOWS - INDIA |
| 650 ## - SUBJECT ADDED ENTRY--TOPICAL TERM | |
| Topical Term | DEPRIVATION (PSYCHOLOGY) |
| 710 ## - ADDED ENTRY--CORPORATE NAME | |
| Corporate name or jurisdiction name as entry element | Mudbidri, Anil G. |
| 942 ## - ADDED ENTRY ELEMENTS (KOHA) | |
| Koha item type | Thesis |
| Source of classification or shelving scheme | Dewey Decimal Classification |
| Withdrawn status | Lost status | Damaged status | Not for loan | Home library | Current library | Date acquired | Bill Date | Full call number | Accession Number | Price effective from | Koha item type |
|---|---|---|---|---|---|---|---|---|---|---|---|
| NASSDOC Library | NASSDOC Library | 08/10/2004 | 2008-12-30 | TP.0265 | 32556 | 18/04/2019 | Thesis |
